000 00355nam a2200133Ia 4500
008 240624s9999 xx 000 0 und d
041 _aeng
082 _a302.35 ROB
100 _aROBBINS STEPHEN P
245 _aORGANIZATIONAL BEHAVIOR
250 _a(12th ed.)
260 _c2007
_aNew Delhi
_bPrentice-Hall of India
300 _axxv, : 759 : p. : cm. ; 27
999 _c13119
_d13119